Statistics for Top 20 Languages that use Roman (English) Script

Click here to take the quiz!

General Stats

  • This quiz has been taken 412 times
    (373 since last reset)
  • The average score is 12 of 20

Answer Stats

#language% Correct
360 milEnglish
99%
405 milSpanish
99%
74 milFrench
96%
89 milGerman
96%
215 milPortuguese
94%
60 milItalian
93%
40 milPolish
82%
24 milRomanian
71%
63 milTurkish
71%
77 milIndonesian/Malay
65%
76 milVietnamese
61%
28 milTagalog
54%
24 milIgbo
32%
82 milJavanese
31%
28 milYoruba
31%
34 milHausa
30%
26 milUzbek
23%
23 milAzerbaijani
15%
24 milFula
13%
38 milSundanese
13%

Score Distribution

Percentile by Number Answered

Percent of People with Each Score

Your Score History

You have not taken this quiz since the last reset